00308nam a2200109 a 4500008004100000050001800041245007000059250001100129260002800140300002100168350000900189120416s1979 ||||||||||||||||| || u aHF 5549.5 Ind00aPersonnel systems and recordsccompiled by The Industrial Society a3rd.ed aPortsmouthbGowerc1979 axvi, 221p. : ill a0.00